000 00980nam a2200313 i 4500
001 44845
003 ES-MaBCM
005 20241016104726.0
008 970129s1993 esp 000 0 spa d
020 _a84-7088-657-4
021 _axx
035 _a(OCoLC)733559484
035 _a(OCoLC)733559484
035 _a(OCoLC)733559484
040 _cES-MaBCM
041 0 _aspa
043 _aesp
080 _a35(460)
245 0 0 _aTeoría de la organización
_c[selección de textos, Carles Ramió, Xavier Ballart]
260 _aMadrid :
_bInstituto Nacional de Administración Pública ; Boletín Oficial del Estado,
_c1993
300 _a2 v.
_c24 cm
490 0 _aLecturas. Administración general
_999005
650 2 7 _aOrganización administrativa
_959620
651 2 4 _aEspaña
_9115342
700 1 _aRamió, Carles
_938486
700 1 _aBallart, Xavier
_93259
710 2 _952380
_aInstituto Nacional de Administración Pública (España)
_c (España)
942 _cBK
999 _c44845
_d44845